Developers need a nudge in the right direction (Record no. 79401)

MARC details
000 -LEADER
fixed length control field 01134cab a22001935a 4500
001 - CONTROL NUMBER
control field L140968
008 - FIXED-LENGTH DATA ELEMENTS--GENERAL INFORMATION
fixed length control field 071023e20071020xxk f 000 0 eng d
035 ## - SYSTEM CONTROL NUMBER
System control number (Sirsi) u140968
041 0# - LANGUAGE CODE
Language code of text/sound track or separate title eng
100 1# - MAIN ENTRY--PERSONAL NAME
Personal name Fetherstonhaugh, Guy
245 00 - TITLE STATEMENT
Title Developers need a nudge in the right direction
260 ## - PUBLICATION, DISTRIBUTION, ETC.
Date of publication, distribution, etc. 2007
490 #0 - SERIES STATEMENT
Series statement Estates Gazette
Volume/sequential designation (0742) 20 October 2007, 292(1)
520 ## - SUMMARY, ETC.
Summary, etc. Considers why the market has failed to embrace commonhold developments, despite government extolling its virtues and stating that commonhold would become standard for new-build developments consisting of interdependent units and common parts. Suggests the slow take-up of commonhold is due to a lack of interest in the marketplace, with purchasers, sellers and housebuilders reluctant to stray from leasehold and freehold. Concludes that commonhold will only take off if government markets it as a superior ownership vehicle, makes the legislation more transparent, and requires new public sector housing to be commonhold.
590 ## - LOCAL NOTE (RLIN)
Local note KA
651 #4 - SUBJECT ADDED ENTRY--GEOGRAPHIC NAME
Geographic name England and Wales
Chronological subdivision 1543-
690 ## - LOCAL SUBJECT ADDED ENTRY--TOPICAL TERM (OCLC, RLIN)
Topical term or geographic name as entry element PROPERTY-TENURE-COMMONHOLD PROPERTY
942 ## - ADDED ENTRY ELEMENTS (KOHA)
Suppress in OPAC 0
Holdings
Withdrawn status Lost status Source of classification or shelving scheme Damaged status Not for loan Home library Current library Shelving location Date acquired Total Checkouts Full call number Barcode Date last seen Copy number Price effective from Koha item type
    Dewey Decimal Classification     London London Journal article 23/10/2007   L140968 140968-1001 06/08/2019 1 06/08/2019 Journal article